000 00672nam a22001697a 4500
999 _c15216
_d15216
003 OSt
082 _2631.3 BIJ/DE
088 _aT 110
100 _aBIJUKUMAR K
_92787
245 _aDevelopment and testing of a collector - cum - storage type solar water heater for domestic use
260 _aTavanur 2000
_bKelappaji College of Agricultural Engineering and Technology
300 _a107
500 _aDevelopment and testing of a collector - cum - storage type solar water heater for domestic use
520 _aDevelopment and testing of a collector - cum - storage type solar water heater for domestic use
700 _aProf. C. P Mohammad (Guide)
_92788
942 _cTH